00939nam a2200241 i 450000100060000000300090000600500170001500700030003200800410003511000190007624000460009524501280014125000150026926000350028430000220031949000410034170000510038274000440043383000500047785200320052799900170055995201210057660054ES-MaACL20250827062607.0t|031103s1984 sp ||||1| spa d1 aEspaña9362210aLeyes, etc., de arrendamientos rústicos10aArrendamientos rústicos y legislación agraria básica / cedición preparada por José Mª Gil-Robles y Gil-Delgado. a[1ª ed.]. a[Madrid] : bCivitas, c[1984] a359 p. ; c16 cm.1 aBiblioteca de legislación. Civitas1 aGil-Robles Gil-Delgado, José María.9568700 aLeyes, etc., arrendamientos rústicos.0 aBiblioteca de legislación (Civitas)9182036 aES-MaACLjL-6932 bR.106590 c60054d60054 00104070aATENEOMbATENEOMcDEPO2d2008-01-17eSCl0oL-6932p1062985r2023-02-23 00:00:00w2023-02-23yMONOGRAFIA